000 00654nam a22002172 4500
001 0000024480
005 20151217152302.0
008 131218s xx 000 0 eng d
020 _a0199605385 :
040 _aKABU
_cKABU
100 1 _aBoister, Neil.
_@0000184654
245 1 3 _aAn Introduction to transnational criminal law /
_cNeil Boister.
250 _a 1st ed.
260 _aOxford :
_bO. U. P.,
_c2012.
300 _axlix, 301 p.
650 0 _aInternational criminal law.
_@0000184655
650 0 _aTransnational crime.
_@0000184656
852 1 _9p9990 KES
908 _a131218
950 _@1
999 _c10300
_d10300